00694nam a2200241 a 4500001001300000003000900013005001700022008004100039020001000080082001500090100002400105245003700129260003800166300000900204500003500213505001000248650002500258700002400283902000800307942000700315952011500322999001500437nice12345678IN_TiNIC20260116012015.0050524s1947 newa grp 000 0 eng  ac10000a500.8bMIL aMiller, Carl Wallce aScientist`s Approach to Religion aNew YorkbMacmillan Companyc1947 a127p aincludes index and biblioraphy2 aIndex aReligion and Science1 aMiller, Carl Wallce bSRS cBK 001040708StackRoom-aHMIbHMId2007-06-11g100.00l0o500.8 MILp08992r2007-06-11v100.00w2005-05-24yBK c5257d5257